| 000 | 00388nam a2200145Ia 4500 | ||
|---|---|---|---|
| 008 | 230917s9999||||xx |||||||||||||| ||und|| | ||
| 040 |
_e183618 _aMAIN |
||
| 041 | _aEnglish | ||
| 082 | _a338.4791 A38A | ||
| 100 | _aAggarwal, Prateek A | ||
| 245 | 0 | _aAspects of crosscultural interaction and tourism | |
| 260 |
_aNew Delhi _bMohit Publications _c2005 |
||
| 300 | _a327 p. | ||
| 942 | _cBK | ||
| 999 |
_c153595 _d153595 |
||